[Event "HUN-chT2 Barcza 2324"]
[Site "Hungary"]
[Date "2024.04.07"]
[Round "7.7"]
[White "Szabo, Peter F"]
[Black "Kubik, Janos"]
[Result "0-1"]
[WhiteElo "1721"]
[BlackElo "1956"]
[PlyCount "76"]
[EventDate "2023.10.08"]
[EventType "team-tourn"]
[EventRounds "9"]
[EventCountry "HUN"]
[SourceTitle "EXT 2025"]
[Source "ChessBase"]
[SourceDate "2024.10.14"]
[SourceVersion "1"]
[SourceVersionDate "2024.10.14"]
[SourceQuality "1"]
[WhiteTeam "Debrecen Sakkiskola"]
[BlackTeam "Kazincbarcika"]
[WhiteTeamCountry "HUN"]
[BlackTeamCountry "HUN"]

1. e4 c5 2. Nf3 Nf6 3. e5 Nd5 4. b3 e6 5. Bb2 Be7 6. c4 Nc7 7. g3 b6 8. Bg2 Bb7 9. Na3 0-0 10. Nc2 f6 11. 0-0 fxe5 12. Bxe5 d6 13. Bc3 e5 14. d3 Nba6 15. Re1 Ne6 16. Qe2 Bf6 17. Nd2 Bxg2 18. Kxg2 Nac7 19. Ne4 b5 20. Ba5 Qd7 21. Ne3 Nd4 22. Qd2 Nce6 23. Bc3 Bg5 24. Qd1 Nf3 25. Re2 Be7 26. h3 Neg5 27. Nxg5 Nxg5 28. g4 Rf7 29. Nd5 Raf8 30. Rc2 Rf3 31. Nxe7+ Qxe7 32. h4 Qb7 33. Kf1 Nh3 34. Be1 Qd7 35. Ke2 Qxg4 36. Kd2 Qf4+ 37. Kc3 Qd4+ 38. Kd2 Nxf2 0-1

[Event "HUN-chT BAZ megyei CSB 2223"]
[Site "Hungary"]
[Date "2023.04.16"]
[Round "9.1"]
[White "Kovacs, Tamas"]
[Black "Kubik, Janos"]
[Result "1/2-1/2"]
[WhiteElo "2080"]
[BlackElo "1927"]
[PlyCount "56"]
[EventDate "2022.09.25"]
[EventType "team-tourn"]
[EventRounds "9"]
[EventCountry "HUN"]
[SourceTitle "EXT 2025"]
[Source "ChessBase"]
[SourceDate "2024.10.14"]
[SourceVersion "1"]
[SourceVersionDate "2024.10.14"]
[SourceQuality "1"]
[WhiteTeam "Szerencs Varos"]
[BlackTeam "Kazincbarcika II"]
[WhiteTeamCountry "HUN"]
[BlackTeamCountry "HUN"]

1. d4 Nf6 2. c4 e6 3. Nc3 Bb4 4. f3 d5 5. e3 0-0 6. Bd3 c5 7. a3 cxd4 8. exd4 dxc4 9. Bxc4 Bd6 10. Nge2 a6 11. Qd3 Qc7 12. Ba2 b5 13. Bg5 Nbd7 14. Rc1 Qa5 15. Bd2 Qb6 16. Be3 Qa5 17. 0-0 b4 18. axb4 Qxb4 19. Rc2 a5 20. Rfc1 Ba6 21. Qd2 Rfc8 22. Nf4 Qb8 23. d5 e5 24. Nd3 Bxd3 25. Qxd3 Nc5 26. Qb5 Ncd7 27. Qa4 Nc5 28. Qb5 Ncd7 1/2-1/2

[Event "HUN-chT BAZ megyei CSB 2223"]
[Site "Hungary"]
[Date "2023.03.19"]
[Round "8.1"]
[White "Kubik, Janos"]
[Black "Kiss, Zoltan Zsolt"]
[Result "1/2-1/2"]
[WhiteElo "1918"]
[BlackElo "1903"]
[PlyCount "49"]
[EventDate "2022.09.25"]
[EventType "team-tourn"]
[EventRounds "9"]
[EventCountry "HUN"]
[SourceTitle "EXT 2025"]
[Source "ChessBase"]
[SourceDate "2024.10.14"]
[SourceVersion "1"]
[SourceVersionDate "2024.10.14"]
[SourceQuality "1"]
[WhiteTeam "Kazincbarcika II"]
[BlackTeam "Tiszaujvaros"]
[WhiteTeamCountry "HUN"]
[BlackTeamCountry "HUN"]

1. d4 d5 2. c4 e6 3. Nc3 Nf6 4. Nf3 Be7 5. Bf4 0-0 6. e3 c6 7. h3 b6 8. Bd3 dxc4 9. Bxc4 Bb7 10. Qe2 Nbd7 11. Rd1 Nd5 12. Bh2 N7f6 13. 0-0 b5 14. Bd3 Qa5 15. Nxd5 Nxd5 16. a3 Rfd8 17. Rc1 Rac8 18. Rc2 b4 19. Qd2 Qb6 20. Ra1 a5 21. Qe2 c5 22. Ne5 Nf6 23. axb4 axb4 24. dxc5 Rxc5 25. Bf4 1/2-1/2

[Event "HUN-chT BAZ megyei CSB 2223"]
[Site "Hungary"]
[Date "2023.01.22"]
[Round "6.1"]
[White "Acs, Gabor"]
[Black "Kubik, Janos"]
[Result "0-1"]
[WhiteElo "2101"]
[BlackElo "1904"]
[PlyCount "86"]
[EventDate "2022.09.25"]
[EventType "team-tourn"]
[EventRounds "9"]
[EventCountry "HUN"]
[SourceTitle "EXT 2025"]
[Source "ChessBase"]
[SourceDate "2024.10.14"]
[SourceVersion "1"]
[SourceVersionDate "2024.10.14"]
[SourceQuality "1"]
[WhiteTeam "Szirmabesenyo II"]
[BlackTeam "Kazincbarcika II"]
[WhiteTeamCountry "HUN"]
[BlackTeamCountry "HUN"]

1. e4 c5 2. c3 b6 3. d4 Bb7 4. Bd3 Nf6 5. f3 e6 6. Ne2 Be7 7. 0-0 0-0 8. Be3 Qc8 9. Nd2 d6 10. Rc1 Nbd7 11. Qe1 e5 12. d5 Ba6 13. c4 Rb8 14. a4 Bb7 15. Ng3 Qd8 16. Nf5 Nh5 17. g3 Bc8 18. Be2 g6 19. Nh6+ Kg7 20. Ng4 Bg5 21. f4 exf4 22. gxf4 Bh4 23. Nf2 Nhf6 24. Qd1 Re8 25. Bf3 Nf8 26. Nd3 h5 27. Qb3 Bh3 28. Rfd1 Ng4 29. Nf2 Nxf2 30. Bxf2 Bxf2+ 31. Kxf2 Qh4+ 32. Ke3 f5 33. Qc3+ Kh7 34. Rg1 Re7 35. Rg3 fxe4 36. Be2 Rf7 37. Kf2 Qxf4+ 38. Kg1 Qf2+ 39. Kh1 Qxe2 40. Rxh3 Rf2 41. Rg1 Rb7 42. Nb1 Rbf7 43. Qg3 Rf1 0-1

[Event "HUN-chT2 Barcza 2223"]
[Site "Hungary"]
[Date "2022.12.04"]
[Round "2.6"]
[White "Kubik, Janos"]
[Black "Lazin, Robert Tamas"]
[Result "0-1"]
[WhiteElo "1911"]
[BlackElo "2033"]
[PlyCount "132"]
[EventDate "2022.11.20"]
[EventType "team-tourn"]
[EventRounds "7"]
[EventCountry "HUN"]
[SourceTitle "EXT 2025"]
[Source "ChessBase"]
[SourceDate "2024.10.14"]
[SourceVersion "1"]
[SourceVersionDate "2024.10.14"]
[SourceQuality "1"]
[WhiteTeam "Kazincbarcika"]
[BlackTeam "Nyiregyhaza ESE"]
[WhiteTeamCountry "HUN"]
[BlackTeamCountry "HUN"]

1. d4 d5 2. c4 e6 3. Nc3 a6 4. cxd5 exd5 5. Nf3 h6 6. Bf4 Nf6 7. e3 Bd6 8. Bxd6 Qxd6 9. Qa4+ Bd7 10. Qb3 Ra7 11. Na4 Bxa4 12. Qxa4+ c6 13. Bd3 0-0 14. 0-0 Nbd7 15. Rac1 Re8 16. Bf5 Ne4 17. Bxd7 Qxd7 18. Qc2 Nd6 19. Ne5 Qe6 20. Rfe1 Raa8 21. Nd3 Re7 22. Nc5 Qf6 23. Re2 g6 24. Qd2 Kg7 25. Rce1 Rae8 26. Qb4 h5 27. Nd3 Rd8 28. Qb6 Rh8 29. f4 Qf5 30. Ne5 f6 31. Nf3 Rhe8 32. Nd2 Qg4 33. Qb4 Nf5 34. Nf1 h4 35. h3 Qh5 36. Qc3 g5 37. Qd3 g4 38. e4 dxe4 39. Rxe4 Rxe4 40. Rxe4 Rxe4 41. Qxe4 g3 42. Qd3 Kh6 43. a3 Qg6 44. d5 cxd5 45. Qxd5 Qh7 46. Qe4 Qd7 47. Qb4 Kg6 48. Qe4 Qd1 49. Qxb7 Qd4+ 50. Kh1 Qxf4 51. Qxa6 Nd4 52. Qd3+ f5 53. b4 Qf2 54. Qd1 Ne2 55. Nd2 Nf4 56. Qg1 Qxd2 57. b5 Qd5 58. a4 Nxh3 59. Qc1 Nf2+ 60. Kg1 Qd4 61. Kf1 Ne4 62. Qc6+ Kg5 63. Qc1+ Kg4 64. Qe1 Qf2+ 65. Qxf2 gxf2 66. b6 Kg3 0-1

[Event "HUN-chT2 Barcza 1213"]
[Site "Hungary"]
[Date "2012.11.18"]
[Round "4.10"]
[White "Tamasi, Istvan"]
[Black "Kubik, Janos"]
[Result "1/2-1/2"]
[WhiteElo "1753"]
[BlackElo "1917"]
[PlyCount "33"]
[EventDate "2012.09.16"]
[EventType "team-tourn"]
[EventRounds "11"]
[EventCountry "HUN"]
[SourceTitle "EXT 2014"]
[Source "ChessBase"]
[SourceDate "2013.11.20"]
[SourceVersion "1"]
[SourceVersionDate "2013.11.20"]
[SourceQuality "1"]
[WhiteTeam "Sajoszentpeter"]
[BlackTeam "Kazincbarcika"]
[WhiteTeamCountry "HUN"]
[BlackTeamCountry "HUN"]

1. d4 Nf6 2. c4 e6 3. Nc3 Bb4 4. Bg5 h6 5. Bd2 0-0 6. Nf3 d5 7. e3 c6 8. c5 Nbd7 9. a3 Bxc3 10. Bxc3 Ne4 11. Qc2 Qc7 12. b4 Nxc3 13. Qxc3 Re8 14. Be2 e5 15. dxe5 Nxe5 16. Nxe5 Rxe5 17. 0-0 1/2-1/2

[Event "HUN-chT2 Barcza 1011"]
[Site "Hungary"]
[Date "2011.03.27"]
[Round "7.8"]
[White "Kubik, Janos"]
[Black "Kiss, Gergely"]
[Result "1/2-1/2"]
[WhiteElo "1937"]
[BlackElo "2270"]
[PlyCount "73"]
[EventDate "2010.09.12"]
[EventType "team-tourn"]
[EventRounds "11"]
[EventCountry "HUN"]
[SourceTitle "EXT 2012"]
[Source "ChessBase"]
[SourceDate "2011.11.24"]
[SourceVersion "1"]
[SourceVersionDate "2011.11.24"]
[SourceQuality "1"]
[WhiteTeam "Kazincbarcika"]
[BlackTeam "Debrecen Sakkbaratok"]
[WhiteTeamCountry "HUN"]
[BlackTeamCountry "HUN"]

1. d4 d5 2. c4 e6 3. Nc3 Nf6 4. Bf4 c6 5. e3 Be7 6. Nf3 Nbd7 7. Bd3 dxc4 8. Bxc4 b5 9. Bd3 a6 10. 0-0 Bb7 11. Ne5 c5 12. Nxd7 Qxd7 13. dxc5 Bxc5 14. Be2 Qxd1 15. Rfxd1 0-0 16. Bd6 Bxd6 17. Rxd6 Rfd8 18. Rad1 Rxd6 19. Rxd6 Kf8 20. f3 Nd5 21. Nxd5 Bxd5 22. a4 Ke7 23. Rb6 bxa4 24. Rxa6 Rxa6 25. Bxa6 Kd6 26. Bd3 h6 27. Kf1 Kc5 28. Ke1 Kb4 29. Kd2 Kb3 30. Bc2+ Kb4 31. e4 Bb3 32. Bb1 Bc4 33. g3 e5 34. h4 Bb5 35. Bc2 Kc5 36. Kc3 Bc6 37. Bd3 1/2-1/2

[Event "HUN-chT2 Barcza 1011"]
[Site "Hungary"]
[Date "2010.10.10"]
[Round "3.8"]
[White "Kubik, Janos"]
[Black "Kui, Istvan"]
[Result "1-0"]
[WhiteElo "1937"]
[BlackElo "1830"]
[PlyCount "113"]
[EventDate "2010.09.12"]
[EventType "team-tourn"]
[EventRounds "11"]
[EventCountry "HUN"]
[SourceTitle "EXT 2012"]
[Source "ChessBase"]
[SourceDate "2011.11.24"]
[SourceVersion "1"]
[SourceVersionDate "2011.11.24"]
[SourceQuality "1"]
[WhiteTeam "Kazincbarcika"]
[BlackTeam "Balkany"]
[WhiteTeamCountry "HUN"]
[BlackTeamCountry "HUN"]

1. d4 Nf6 2. c4 d6 3. Nc3 g6 4. e4 Nbd7 5. f3 Bg7 6. Be3 e5 7. d5 0-0 8. Bd3 Nc5 9. Bc2 b6 10. Nge2 Nh5 11. g4 Nf4 12. Nxf4 exf4 13. Bxf4 f5 14. gxf5 gxf5 15. Qd2 fxe4 16. 0-0-0 Nd3+ 17. Bxd3 exd3 18. Bh6 Bxh6 19. Qxh6 Qf6 20. Rhg1+ Kh8 21. Qxf6+ Rxf6 22. Rxd3 Bf5 23. Re3 Raf8 24. Rg3 a6 25. Re7 R6f7 26. Rxf7 Rxf7 27. Kd2 Re7 28. Ne2 Bb1 29. Nc3 Bf5 30. a3 h6 31. Rg2 Kh7 32. Re2 Rxe2+ 33. Kxe2 Kg6 34. Ne4 Bxe4 35. fxe4 Kg5 36. Kf3 h5 37. Kg3 a5 38. a4 h4+ 39. Kf3 Kh5 40. Kf4 h3 41. Kg3 Kg5 42. b3 Kf6 43. Kf4 Kg6 44. Kg4 Kf6 45. Kxh3 Ke5 46. Kg4 Kxe4 47. h4 Kd4 48. h5 Kc3 49. h6 Kxb3 50. h7 Kxa4 51. h8Q Kb3 52. Qc8 a4 53. Qxc7 a3 54. Qxb6+ Kxc4 55. Qxd6 a2 56. Qa6+ Kb3 57. d6 1-0

[Event "HUN-chT2 Barcza 1011"]
[Site "Hungary"]
[Date "2010.09.26"]
[Round "2.10"]
[White "Solyom, Sandor"]
[Black "Kubik, Janos"]
[Result "0-1"]
[WhiteElo "1760"]
[BlackElo "1937"]
[PlyCount "142"]
[EventDate "2010.09.12"]
[EventType "team-tourn"]
[EventRounds "11"]
[EventCountry "HUN"]
[SourceTitle "EXT 2012"]
[Source "ChessBase"]
[SourceDate "2011.11.24"]
[SourceVersion "1"]
[SourceVersionDate "2011.11.24"]
[SourceQuality "1"]
[WhiteTeam "Sajoszentpeter"]
[BlackTeam "Kazincbarcika"]
[WhiteTeamCountry "HUN"]
[BlackTeamCountry "HUN"]

1. d4 Nf6 2. c4 e6 3. Nc3 Bb4 4. Bg5 h6 5. Bxf6 Qxf6 6. a3 Bxc3+ 7. bxc3 b6 8. e4 Bb7 9. Bd3 d6 10. Nf3 Nd7 11. 0-0 0-0 12. Re1 e5 13. Qc2 Rfd8 14. Re3 Nf8 15. d5 Nd7 16. Nd2 Qe7 17. Rae1 Nc5 18. Nb3 Nxb3 19. Qxb3 a5 20. Rg3 Qd7 21. Qd1 Ba6 22. Qg4 Qxg4 23. Rxg4 Rdc8 24. Rb1 Rab8 25. a4 Kf8 26. Kf1 Rd8 27. Ke2 Bc8 28. Rg3 Bd7 29. Ra1 Rdc8 30. Kd2 g6 31. Rf3 Ke7 32. h3 Rf8 33. g4 f6 34. Bc2 Rh8 35. Rg1 g5 36. Bd1 h5 37. gxh5 Rxh5 38. Rxf6 Kxf6 39. Bxh5 Bxa4 40. Bg4 Be8 41. Kc2 Bg6 42. f3 Rh8 43. Kb3 Bh5 44. Bxh5 Rxh5 45. Rh1 Rh4 46. Ka4 Rf4 47. Rf1 Kg6 48. Kb5 Kh5 49. c5 bxc5 50. Kxa5 Kh4 51. Kb5 Kxh3 52. Rg1 Kh4 53. Rf1 Kg3 54. Rg1+ Kxf3 55. Rxg5 Kxe4 56. c4 Rf7 57. Rg4+ Ke3 58. Rg3+ Kf2 59. Rg4 Re7 60. Re4 Kf3 61. Re1 e4 62. Kc6 e3 63. Rf1+ Kg2 64. Ra1 e2 65. Ra2 Kf1 66. Ra7 e1Q 67. Rxc7 Rxc7+ 68. Kxc7 Qe7+ 69. Kc6 Ke2 70. Kb5 Qb7+ 71. Ka4 Qb4# 0-1

[Event "Gyongyos Matra Cup"]
[Site "Gyongyos"]
[Date "2001.04.14"]
[Round "6.21"]
[White "Kubik, Janos"]
[Black "Fogarassy, Zsombor"]
[Result "1-0"]
[WhiteElo "1994"]
[BlackElo "1606"]
[PlyCount "87"]
[EventDate "2001.04.13"]
[EventType "swiss"]
[EventRounds "7"]
[EventCountry "HUN"]
[SourceTitle "EXT 2004"]
[Source "ChessBase"]
[SourceDate "2003.11.25"]
[SourceVersion "1"]
[SourceVersionDate "2003.11.25"]
[SourceQuality "1"]

1. d4 Nf6 2. c4 e5 3. dxe5 Ng4 4. Bf4 g5 5. Bg3 Bg7 6. Nf3 Qe7 7. Nc3 Nxe5 8. Nxe5 Bxe5 9. Nd5 Qd6 10. c5 Qe6 11. Nxc7+ Bxc7 12. Bxc7 0-0 13. e3 Nc6 14. Be2 Ne7 15. Bd6 Re8 16. 0-0 Nf5 17. Bg4 Nxe3 18. Bxe6 Nxd1 19. Bxf7+ Kxf7 20. Raxd1 b6 21. b4 Ba6 22. Rfe1 Bc4 23. a3 Re6 24. Rxe6 Bxe6 25. f3 b5 26. Bc7 Rc8 27. Ba5 Rc6 28. Rd4 Kf6 29. Kf2 Ke5 30. Ke3 h5 31. f4+ gxf4+ 32. Rxf4 Bd5 33. g3 Be6 34. Rf8 Kd5 35. Rh8 Bg4 36. h3 Re6+ 37. Kf4 Re4+ 38. Kg5 Re5+ 39. Kh4 Bf3 40. Rh7 Re4+ 41. Kg5 Re5+ 42. Kf4 Bg2 43. Rxd7+ Ke6 44. Rd6+ 1-0

[Event "Gyongyos Matra Cup"]
[Site "Gyongyos"]
[Date "2001.04.13"]
[Round "3.20"]
[White "Kubik, Janos"]
[Black "Schmidt, Gabor"]
[Result "0-1"]
[WhiteElo "1800"]
[BlackElo "2000"]
[PlyCount "95"]
[EventDate "2001.04.13"]
[EventType "swiss"]
[EventRounds "7"]
[EventCountry "HUN"]
[SourceTitle "EXT 2004"]
[Source "ChessBase"]
[SourceDate "2003.11.25"]
[SourceVersion "1"]
[SourceVersionDate "2003.11.25"]
[SourceQuality "1"]

1. d4 Nf6 2. c4 e6 3. Nf3 c5 4. d5 exd5 5. cxd5 d6 6. Nc3 g6 7. h3 Bg7 8. e4 Qe7 9. Bd3 0-0 10. 0-0 b6 11. Bg5 h6 12. Bxf6 Qxf6 13. Qd2 Ba6 14. Bxa6 Nxa6 15. a3 Rfe8 16. Rfe1 Rab8 17. Nb5 Rb7 18. Rab1 Nc7 19. Qd3 Nxb5 20. Qxb5 Rbe7 21. Qd3 Rc7 22. Qb5 Rce7 23. Qd3 Rc7 24. Qb5 Kf8 25. b3 Qf4 26. Qd3 g5 27. g3 Qf6 28. Re2 b5 29. Nd2 a6 30. Rbe1 Qc3 31. Qxc3 Bxc3 32. Rd1 f5 33. f3 Rce7 34. Kg2 Bxd2 35. Rdxd2 fxe4 36. fxe4 Rxe4 37. Rxe4 Rxe4 38. Kf3 Re5 39. Kg4 Kg7 40. Rd3 Kg6 41. Kf3 h5 42. g4 h4 43. Rd1 a5 44. Rd2 Kf6 45. Rd3 Re1 46. Rd2 Ke5 47. Kf2 Rh1 48. Kg2 0-1

[Event "Miskolc Avas op-B"]
[Site "Miskolc"]
[Date "2000.06.25"]
[Round "9.4"]
[White "Kubik, Janos"]
[Black "Kiss, Levente"]
[Result "1/2-1/2"]
[WhiteElo "1848"]
[BlackElo "1949"]
[PlyCount "53"]
[EventDate "2000.06.25"]
[EventType "swiss"]
[EventRounds "9"]
[EventCountry "HUN"]
[SourceTitle "EXT 2004"]
[Source "ChessBase"]
[SourceDate "2003.11.25"]
[SourceVersion "1"]
[SourceVersionDate "2003.11.25"]
[SourceQuality "1"]

1. d4 d5 2. Nf3 Nf6 3. c4 e6 4. Bg5 Nbd7 5. e3 c6 6. Nc3 Qa5 7. Bxf6 Nxf6 8. Bd3 Bb4 9. Qb3 dxc4 10. Bxc4 Ne4 11. Rc1 Bxc3+ 12. bxc3 0-0 13. 0-0 h6 14. Qc2 Nf6 15. Bb3 b6 16. Rfd1 Bb7 17. c4 c5 18. Ne1 cxd4 19. Rxd4 Rad8 20. Qd1 Rxd4 21. Qxd4 Qg5 22. Qd6 Ne4 23. Qc7 Nc5 24. Rd1 Qf6 25. Rd4 Ne4 26. Nf3 Nc5 27. Ne1 1/2-1/2

[Event "Miskolc Avas op-B"]
[Site "Miskolc"]
[Date "2000.06.23"]
[Round "7.3"]
[White "Fekete, Lorand"]
[Black "Kubik, Janos"]
[Result "1-0"]
[WhiteElo "1797"]
[BlackElo "1848"]
[PlyCount "81"]
[EventDate "2000.06.25"]
[EventType "swiss"]
[EventRounds "9"]
[EventCountry "HUN"]
[SourceTitle "EXT 2004"]
[Source "ChessBase"]
[SourceDate "2003.11.25"]
[SourceVersion "1"]
[SourceVersionDate "2003.11.25"]
[SourceQuality "1"]

1. Nf3 d5 2. d4 Nf6 3. c4 e6 4. Nc3 c5 5. cxd5 exd5 6. Bg5 Be7 7. dxc5 Nc6 8. e3 Qa5 9. Bd3 Bg4 10. Qc2 Qxc5 11. Nb5 Qxc2 12. Bxc2 0-0-0 13. 0-0 Bxf3 14. gxf3 Bd6 15. Bf5+ Kb8 16. Nxd6 Rxd6 17. Bf4 Rhd8 18. Rfd1 Nh5 19. Bxd6+ Rxd6 20. Rac1 Ne7 21. Bg4 Rg6 22. Rxd5 Rxg4+ 23. fxg4 Nxd5 24. gxh5 b6 25. Kg2 Nf6 26. h6 g6 27. h4 Ng8 28. h5 Nxh6 29. Kg3 Nf5+ 30. Kg4 Ne7 31. Kg5 Ng8 32. hxg6 hxg6 33. e4 Kb7 34. f4 a5 35. e5 b5 36. Rc5 Kb6 37. Rc8 Ne7 38. Rf8 Nd5 39. Rxf7 Nb4 40. Kxg6 Nxa2 41. e6 1-0

[Event "Miskolc Avas op-B"]
[Site "Miskolc"]
[Date "2000.06.22"]
[Round "5.1"]
[White "Elek, Emese"]
[Black "Kubik, Janos"]
[Result "0-1"]
[WhiteElo "2070"]
[BlackElo "1848"]
[PlyCount "98"]
[EventDate "2000.06.25"]
[EventType "swiss"]
[EventRounds "9"]
[EventCountry "HUN"]
[SourceTitle "EXT 2004"]
[Source "ChessBase"]
[SourceDate "2003.11.25"]
[SourceVersion "1"]
[SourceVersionDate "2003.11.25"]
[SourceQuality "1"]

1. d4 Nf6 2. c4 e6 3. Nc3 Bb4 4. Qc2 0-0 5. a3 Bxc3+ 6. Qxc3 d5 7. Bg5 Nbd7 8. e3 b6 9. cxd5 exd5 10. Nf3 c5 11. Qc2 h6 12. Bf4 Qe7 13. Rd1 c4 14. Be2 b5 15. 0-0 Nb6 16. Ne5 Bb7 17. Ng4 Nxg4 18. Bxg4 Bc6 19. Qd2 Bd7 20. Be2 Bf5 21. g4 Bh7 22. Bg3 a5 23. f4 Rfe8 24. Bf2 Be4 25. f5 b4 26. Ra1 b3 27. f6 Qxf6 28. Bg3 Qe7 29. Bf3 Bxf3 30. Rxf3 Qe4 31. Qf2 Qxg4 32. Rxf7 Qe6 33. Rf3 Rf8 34. Rf1 Rxf3 35. Qxf3 Re8 36. Be5 Qe7 37. Qg2 Qg5 38. Qxg5 hxg5 39. Rb1 Nd7 40. Bc7 a4 41. Kf2 Rf8+ 42. Ke2 Nf6 43. Rf1 Ne4 44. Rxf8+ Kxf8 45. Ba5 Kf7 46. Kf1 Kf6 47. Be1 Kf5 48. h3 g4 49. hxg4+ Kxg4 0-1

[Event "Miskolc Avas op-B"]
[Site "Miskolc"]
[Date "2000.06.20"]
[Round "2.5"]
[White "Kubik, Janos"]
[Black "Kerekes, Gabriella"]
[Result "1-0"]
[WhiteElo "1848"]
[BlackElo "1665"]
[PlyCount "91"]
[EventDate "2000.06.25"]
[EventType "swiss"]
[EventRounds "9"]
[EventCountry "HUN"]
[SourceTitle "EXT 2004"]
[Source "ChessBase"]
[SourceDate "2003.11.25"]
[SourceVersion "1"]
[SourceVersionDate "2003.11.25"]
[SourceQuality "1"]

1. d4 d5 2. c4 e6 3. Nc3 Nf6 4. Bg5 Be7 5. e3 c6 6. Bd3 0-0 7. Qc2 Re8 8. Bxf6 Bxf6 9. Bxh7+ Kf8 10. Bd3 e5 11. dxe5 Bxe5 12. cxd5 Bxc3+ 13. Qxc3 Qxd5 14. Nf3 b6 15. 0-0 Bg4 16. Be2 c5 17. Rfd1 Qe6 18. Qd3 Kg8 19. Qd5 Qxd5 20. Rxd5 Be6 21. Rd6 a5 22. a3 Nd7 23. Bb5 Re7 24. Rad1 Nf6 25. Rxb6 Nd5 26. Rd6 Nc7 27. Rd8+ Rxd8 28. Rxd8+ Kh7 29. Bd3+ g6 30. h4 c4 31. Bc2 Nd5 32. Ng5+ Kg7 33. Nxe6+ fxe6 34. Rc8 Rb7 35. Rxc4 Rxb2 36. Be4 Nf6 37. Bf3 Rb3 38. a4 Rb1+ 39. Kh2 Rb2 40. Kg3 e5 41. Bc6 Nh5+ 42. Kf3 Rb6 43. Bb5 Rf6+ 44. Ke2 Kf7 45. Rc7+ Ke6 46. g4 1-0